00565nam a2200169 a 450000500170000000800410001702000180005805000260007610000180010224500640012026000450018430000070022944000230023652000710025965000330033065000320036320140412111411.0070214s19uu xx 00 eng d a983-187-225-8 aTR(GS 428.4bM11 2004 aMah, May S.M. aBlue cow goes out to play, series 2 book 2 /cMay S.M. Mah. aMalaysia :bRhythm publishing co,c2004. a24 aPhonics in reading aThe pre - reading practice introduces new words before the stories aPhonetics-- English language aReading -- English language